[Event "WchT Seniors 50"]
[Site "Prague"]
[Date "2020.03.08"]
[Round "3.24"]
[White "Nowack, Achim"]
[Black "Vorackova, Jarmila"]
[Result "1/2-1/2"]
[WhiteElo "1725"]
[BlackElo "1824"]
[PlyCount "49"]
[EventDate "2020.03.06"]
[EventType "team-swiss"]
[EventRounds "7"]
[EventCountry "CZE"]
[SourceTitle "CBM 195 Extra"]
[Source "ChessBase"]
[SourceDate "2020.05.31"]
[SourceVersion "1"]
[SourceVersionDate "2020.05.31"]
[SourceQuality "1"]
[WhiteTeam "Germany 50 XII"]
[BlackTeam "Czech Republic 50 (W) II"]
[WhiteTeamCountry "GER"]
[BlackTeamCountry "CZE"]

1. e4 c6 2. d4 d5 3. e5 Bf5 4. Ne2 e6 5. Ng3 Bg6 6. Be2 c5 7. c3 Nc6 8. 0-0 Qb6 9. Qa4 cxd4 10. cxd4 Qxd4 11. Qb5 Qb6 12. Qxb6 axb6 13. Bb5 Bxb1 14. Rxb1 Rxa2 15. Bd2 Bc5 16. Nh5 Kf8 17. Rfc1 g6 18. Bxc6 bxc6 19. Nf6 Kg7 20. Nd7 Ne7 21. Nxc5 bxc5 22. Bg5 Ng8 23. Rxc5 h6 24. Bd8 Ra8 25. Bc7 1/2-1/2

[Event "Ricany op"]
[Site "Ricany"]
[Date "2016.08.31"]
[Round "6"]
[White "Vorackova, Jarmila"]
[Black "Pivonka, Michael"]
[Result "1/2-1/2"]
[WhiteElo "1878"]
[BlackElo "1692"]
[PlyCount "60"]
[EventDate "2016.08.27"]
[EventType "swiss"]
[EventRounds "9"]
[EventCountry "CZE"]
[SourceTitle "CBM 174 Extra"]
[Source "ChessBase"]
[SourceDate "2016.10.10"]
[SourceVersion "1"]
[SourceVersionDate "2016.10.10"]
[SourceQuality "1"]

1. d4 d5 2. c4 c6 3. Nc3 Bf5 4. cxd5 cxd5 5. Qb3 Qd7 6. Qxd5 Nf6 7. Qxd7+ Nbxd7 8. e3 e6 9. Nf3 Rc8 10. Bb5 Bb4 11. Bxd7+ Nxd7 12. Bd2 Bd3 13. a3 Bd6 14. e4 0-0 15. Rc1 Nb6 16. e5 Be7 17. Ne2 Na4 18. b3 Nb6 19. a4 Nd5 20. Rxc8 Rxc8 21. Nc1 Ba6 22. Kd1 Nc3+ 23. Bxc3 Rxc3 24. Kd2 Bb4 25. Kd1 Ba3 26. Kd2 Bb4 27. Kd1 b6 28. Re1 Ba3 29. Kd2 Bb4 30. Kd1 Ba3 1/2-1/2

[Event "Ricany op"]
[Site "Ricany"]
[Date "2016.08.29"]
[Round "4"]
[White "Zvolensky, David"]
[Black "Vorackova, Jarmila"]
[Result "1-0"]
[WhiteElo "1585"]
[BlackElo "1878"]
[PlyCount "59"]
[EventDate "2016.08.27"]
[EventType "swiss"]
[EventRounds "9"]
[EventCountry "CZE"]
[SourceTitle "CBM 174 Extra"]
[Source "ChessBase"]
[SourceDate "2016.10.10"]
[SourceVersion "1"]
[SourceVersionDate "2016.10.10"]
[SourceQuality "1"]

1. e4 c6 2. Nc3 d5 3. Nf3 dxe4 4. Nxe4 Bf5 5. Ng3 Bg6 6. h4 h6 7. Ne5 Bh7 8. Qh5 g6 9. Bc4 e6 10. Qe2 Bg7 11. Nxf7 Qe7 12. Nxh8 Bxh8 13. Qxe6 Nd7 14. 0-0 0-0-0 15. Qxe7 Nxe7 16. Re1 Bf6 17. Ne4 Nf5 18. Nxf6 Nxf6 19. Be6+ Kc7 20. Bxf5 gxf5 21. Re7+ Kb6 22. d3 Bg8 23. Bxh6 Nd5 24. Re5 Nb4 25. Be3+ Ka6 26. Rc1 Rf8 27. Bd2 Nd5 28. c4 Nc7 29. Ra5+ Kb6 30. c5# 1-0

[Event "CZE/SVK-chT (Women)"]
[Site "Ricany"]
[Date "2015.06.29"]
[Round "4"]
[White "Vilimova, Julie"]
[Black "Vorackova, Jarmila"]
[Result "1/2-1/2"]
[WhiteElo "1707"]
[BlackElo "1936"]
[PlyCount "78"]
[EventDate "2015.06.27"]
[EventType "team-tourn"]
[EventRounds "7"]
[EventCountry "CZE"]
[SourceTitle "EXT 2017"]
[Source "ChessBase"]
[SourceDate "2016.10.25"]
[SourceVersion "1"]
[SourceVersionDate "2016.10.25"]
[SourceQuality "1"]

1. d4 d5 2. c4 c6 3. cxd5 cxd5 4. Nc3 e6 5. Bf4 Bd6 6. Bxd6 Qxd6 7. e3 Nf6 8. f4 0-0 9. Bd3 b6 10. Nf3 Ba6 11. Bxa6 Nxa6 12. a3 Nc7 13. Qd3 a6 14. Ne5 b5 15. 0-0 b4 16. Na4 Ne4 17. Rfc1 bxa3 18. bxa3 Qe7 19. Nb6 Rab8 20. Nbd7 Qh4 21. Rc2 Nb5 22. Nxf8 Rxf8 23. Nf3 Qg4 24. Rac1 h5 25. Rc8 Nbd6 26. Rxf8+ Kxf8 27. Qxa6 g6 28. Ne5 Qh4 29. Qe2 Kg7 30. a4 g5 31. fxg5 Qxg5 32. Rc7 Qd8 33. Rc1 Qg5 34. a5 Nb5 35. a6 Nxd4 36. exd4 Qxc1+ 37. Qf1 Qe3+ 38. Kh1 Nf2+ 39. Kg1 Ng4+ 1/2-1/2

[Event "CZE/SVK-chT (Women)"]
[Site "Ricany"]
[Date "2015.06.27"]
[Round "1"]
[White "Vorackova, Jarmila"]
[Black "Koci, Tereza"]
[Result "0-1"]
[WhiteElo "1936"]
[BlackElo "1461"]
[PlyCount "112"]
[EventDate "2015.06.27"]
[EventType "team-tourn"]
[EventRounds "7"]
[EventCountry "CZE"]
[SourceTitle "EXT 2017"]
[Source "ChessBase"]
[SourceDate "2016.10.25"]
[SourceVersion "1"]
[SourceVersionDate "2016.10.25"]
[SourceQuality "1"]

1. d4 f5 2. c4 g6 3. Nc3 Nf6 4. Nf3 Bg7 5. e3 c6 6. Be2 0-0 7. 0-0 d6 8. b4 e6 9. Bb2 Na6 10. Qb3 Nc7 11. Rfd1 b6 12. a4 Qe7 13. a5 Bd7 14. Ra2 Rfb8 15. Rda1 b5 16. cxb5 cxb5 17. a6 Rb6 18. Ra5 Rab8 19. Qc2 d5 20. Ne5 Qxb4 21. Nd3 Qd6 22. Na2 Rxa6 23. Nab4 Rxa5 24. Rxa5 Qb6 25. Ra1 a5 26. Rc1 Nfe8 27. Nc6 Bxc6 28. Qxc6 Qxc6 29. Rxc6 Kf7 30. Kf1 Bf6 31. Nc5 Ra8 32. Rb6 a4 33. Bxb5 Nxb5 34. Rxb5 a3 35. Ba1 Nd6 36. Rb6 Be7 37. Ke2 a2 38. Ra6 Rxa6 39. Nxa6 Nc4 40. Kd3 Bd6 41. h3 Ba3 42. Kc2 Bd6 43. Kb3 Nd2+ 44. Kxa2 Ne4 45. f3 Nd2 46. Bb2 Nf1 47. Bc1 Kf6 48. Kb3 Ng3 49. Nc5 Ne2 50. Bd2 f4 51. Nd3 fxe3 52. Bxe3 g5 53. Nf2 Nf4 54. g3 Ne2 55. Ng4+ Kg6 56. h4 h6 0-1

[Event "Ricany op-A"]
[Site "Ricany"]
[Date "2014.08.30"]
[Round "9"]
[White "Matejovsky, Ondrej"]
[Black "Vorackova, Jarmila"]
[Result "1-0"]
[WhiteElo "2014"]
[BlackElo "1936"]
[PlyCount "121"]
[EventDate "2014.08.23"]
[EventType "swiss"]
[EventRounds "9"]
[EventCountry "CZE"]
[SourceTitle "EXT 2015"]
[Source "ChessBase"]
[SourceDate "2014.11.20"]
[SourceVersion "1"]
[SourceVersionDate "2014.11.20"]
[SourceQuality "1"]

1. e4 c6 2. d4 d5 3. exd5 cxd5 4. c3 Nc6 5. Bd3 Qc7 6. Ne2 e6 7. Bf4 Bd6 8. Bg3 Bd7 9. Nd2 Nge7 10. 0-0 0-0-0 11. Bxd6 Qxd6 12. Nb3 h5 13. Nc5 Kc7 14. b4 Bc8 15. Qa4 b6 16. Nb3 a6 17. Bxa6 Bxa6 18. Qxa6 Ra8 19. Qd3 Ra3 20. b5 Na5 21. Nxa5 Rxa5 22. a4 Rha8 23. Qh7 Nf5 24. Qxh5 g6 25. Qf3 Rxa4 26. Rxa4 Rxa4 27. g4 Nh6 28. Qh3 Qf8 29. Rc1 Ra2 30. Qf3 Qa3 31. Qf4+ Kd7 32. Qxh6 Rxe2 33. Qf4 Ke8 34. c4 Re4 35. Qb8+ Ke7 36. Qc7+ Kf8 37. Qd8+ Kg7 38. Qg5 Rxg4+ 39. Qxg4 Qxc1+ 40. Kg2 Qxc4 41. Qf4 Qxb5 42. Qe5+ Kh7 43. Qc7 Qe8 44. Qxb6 Qe7 45. Qc5 Qg5+ 46. Kf3 Qf5+ 47. Kg3 g5 48. h3 Kg6 49. Qa7 Qf4+ 50. Kg2 Qe4+ 51. Kg1 Qf3 52. Qb8 Qd1+ 53. Kg2 Qxd4 54. f3 Qf6 55. Qg8+ Qg7 56. Qd8 d4 57. Kf2 Kf5 58. Qd7 Qf6 59. Ke2 Kf4 60. Kf2 e5 61. Qg4# 1-0

[Event "CZE/SVK-chT (Women)"]
[Site "Liptovsky Mikulas"]
[Date "2014.06.23"]
[Round "5"]
[White "Motycakova, Monika"]
[Black "Vorackova, Jarmila"]
[Result "1-0"]
[WhiteElo "2091"]
[BlackElo "1954"]
[PlyCount "51"]
[EventDate "2014.06.20"]
[EventType "team-tourn"]
[EventRounds "7"]
[EventCountry "SVK"]
[SourceTitle "EXT 2016"]
[Source "ChessBase"]
[SourceDate "2015.10.08"]
[SourceVersion "1"]
[SourceVersionDate "2015.10.08"]
[SourceQuality "1"]
[WhiteTeam "Liptov Chess School"]
[BlackTeam "Ricany 1925"]
[WhiteTeamCountry "SVK"]
[BlackTeamCountry "CZE"]

1. e4 c6 2. Nc3 d5 3. Nf3 e6 4. d4 Nf6 5. e5 Nfd7 6. Ne2 c5 7. c3 Nc6 8. Ng3 Qb6 9. a3 Be7 10. b4 cxd4 11. cxd4 a6 12. Be3 0-0 13. Bd3 f6 14. exf6 Nxf6 15. 0-0 Ng4 16. Ng5 Bxg5 17. Qxg4 Bf6 18. Qh5 Rd8 19. Qxh7+ Kf8 20. Nh5 Bxd4 21. Nxg7 Ne5 22. Bh6 Nf7 23. Nxe6+ Ke7 24. Nxd8 Bxa1 25. Qxf7+ Kxd8 26. Bg5+ 1-0

[Event "CZE/SVK-chT (Women)"]
[Site "Liptovsky Mikulas"]
[Date "2014.06.21"]
[Round "3"]
[White "Richterova, Natasa"]
[Black "Vorackova, Jarmila"]
[Result "1-0"]
[WhiteElo "2100"]
[BlackElo "1954"]
[PlyCount "127"]
[EventDate "2014.06.20"]
[EventType "team-tourn"]
[EventRounds "7"]
[EventCountry "SVK"]
[SourceTitle "EXT 2016"]
[Source "ChessBase"]
[SourceDate "2015.10.08"]
[SourceVersion "1"]
[SourceVersionDate "2015.10.08"]
[SourceQuality "1"]
[WhiteTeam "Jicin Sachklub AD"]
[BlackTeam "Ricany 1925"]
[WhiteTeamCountry "CZE"]
[BlackTeamCountry "CZE"]

1. e4 c6 2. d4 d5 3. Nd2 b5 4. Ngf3 dxe4 5. Nxe4 Nf6 6. Nxf6+ exf6 7. a4 b4 8. Bc4 Bd6 9. 0-0 0-0 10. a5 Be6 11. Bxe6 fxe6 12. Qe2 Re8 13. Qc4 Kh8 14. Bd2 Qe7 15. Ra4 Nd7 16. Bxb4 c5 17. dxc5 Nxc5 18. Bxc5 Bxc5 19. b4 Bd6 20. b5 Rac8 21. Qb3 Qc7 22. c4 e5 23. b6 axb6 24. axb6 Qb8 25. b7 Rcd8 26. Qb5 Qc7 27. Ra6 e4 28. Re1 Qe7 29. Nh4 g6 30. g3 Rb8 31. Qc6 Bb4 32. Re2 Rxb7 33. Qxf6+ Qxf6 34. Rxf6 Rc7 35. Rc2 e3 36. fxe3 Rxe3 37. Ng2 Rc3 38. Rxc3 Bxc3 39. Rf4 Kg7 40. Kf2 Bd2 41. Re4 Ba5 42. Nf4 Bb6+ 43. Ke2 Ra7 44. Nd5 Ra2+ 45. Kd3 Bc5 46. Re2 Rxe2 47. Kxe2 h5 48. h3 g5 49. Kf3 Kg6 50. g4 hxg4+ 51. hxg4 Kf7 52. Ke4 Ke6 53. Nc7+ Kd6 54. Ne8+ Kc6 55. Ng7 Be7 56. Ne6 Bb4 57. Nxg5 Kc5 58. Kd3 Ba5 59. Ne4+ Kc6 60. Kd4 Bc7 61. g5 Bf4 62. g6 Bh6 63. Ke5 Bc1 64. Ke6 1-0

[Event "Ricany op-A"]
[Site "Ricany"]
[Date "2011.08.22"]
[Round "4"]
[White "Skacel, Jan"]
[Black "Vorackova, Jarmila"]
[Result "1/2-1/2"]
[WhiteElo "2050"]
[BlackElo "1925"]
[PlyCount "83"]
[EventDate "2011.08.20"]
[EventType "swiss"]
[EventRounds "9"]
[EventCountry "CZE"]
[SourceTitle "CBM 144 Extra"]
[Source "ChessBase"]
[SourceDate "2011.10.28"]
[SourceVersion "1"]
[SourceVersionDate "2011.10.28"]
[SourceQuality "1"]

1. e4 c6 2. d4 d5 3. exd5 cxd5 4. Bd3 Nc6 5. c3 Nf6 6. Bf4 Bg4 7. Qb3 Qd7 8. Nd2 a6 9. h3 Bh5 10. Ngf3 Bxf3 11. Nxf3 e6 12. 0-0 Be7 13. Rfe1 0-0 14. Qc2 b5 15. Qe2 b4 16. Bg5 bxc3 17. bxc3 a5 18. Rab1 Rab8 19. Bf4 Bd6 20. Bg5 Be7 21. Qc2 h6 22. Bf4 Bd6 23. Be5 Bxe5 24. dxe5 Nh5 25. Qd2 Rxb1 26. Bxb1 f5 27. c4 Qd8 28. cxd5 Qxd5 29. Qxd5 exd5 30. Bc2 Nf4 31. Ba4 Ne7 32. Rd1 Ne2+ 33. Kf1 Nc3 34. Rd4 Nxa2 35. Nd2 Rb8 36. Bb3 Nb4 37. g4 fxg4 38. hxg4 Kf7 39. f4 g6 40. Ba4 Ke6 41. Nb3 Rc8 42. Nxa5 1/2-1/2

[Event "Ricany op-A"]
[Site "Ricany"]
[Date "2008.08.30"]
[Round "9"]
[White "Lacha, Jan"]
[Black "Vorackova, Jarmila"]
[Result "1/2-1/2"]
[WhiteElo "1979"]
[BlackElo "1905"]
[PlyCount "51"]
[EventDate "2008.08.23"]
[EventType "swiss"]
[EventRounds "9"]
[EventCountry "CZE"]
[SourceTitle "EXT 2009"]
[Source "ChessBase"]
[SourceDate "2008.11.26"]
[SourceVersion "1"]
[SourceVersionDate "2008.11.26"]
[SourceQuality "1"]

1. e4 c6 2. d4 d5 3. exd5 cxd5 4. c4 Nf6 5. Nc3 Nc6 6. Nf3 Bg4 7. cxd5 Nxd5 8. Qb3 Bxf3 9. gxf3 e6 10. Qxb7 Nxd4 11. Bb5+ Nxb5 12. Qc6+ Ke7 13. Qxb5 Qd7 14. Nxd5+ Qxd5 15. Qxd5 exd5 16. Be3 Ke6 17. 0-0-0 Bb4 18. Bd4 Rhc8+ 19. Kb1 a6 20. a3 Ba5 21. b4 Bb6 22. Rde1+ Kd6 23. Be5+ Kc6 24. Re2 Re8 25. Rc1+ Kb5 26. Rd1 1/2-1/2

[Event "Ricany op-A"]
[Site "Ricany"]
[Date "2006.08.31"]
[Round "8"]
[White "Vorackova, Jarmila"]
[Black "Kylar, Miroslav"]
[Result "0-1"]
[WhiteElo "1908"]
[BlackElo "2056"]
[PlyCount "72"]
[EventDate "2006.08.24"]
[EventType "swiss"]
[EventRounds "9"]
[EventCountry "CZE"]
[SourceTitle "EXT 2007"]
[Source "ChessBase"]
[SourceDate "2006.11.23"]
[SourceVersion "1"]
[SourceVersionDate "2006.11.23"]
[SourceQuality "1"]

1. d4 d5 2. c4 e6 3. Nc3 Nf6 4. Nf3 Nbd7 5. cxd5 Nxd5 6. e4 Nxc3 7. bxc3 c6 8. Bc4 Be7 9. 0-0 0-0 10. Re1 Re8 11. Bb2 b5 12. Bb3 Bb7 13. Qd3 Nc5 14. Qe3 Nxb3 15. axb3 Qb6 16. b4 a5 17. bxa5 Rxa5 18. Ne5 Rea8 19. Rxa5 Rxa5 20. Qf4 f6 21. Nd3 Qd8 22. e5 f5 23. g4 g5 24. Qf3 f4 25. Qe4 Ra2 26. Qe2 c5 27. f3 cxd4 28. cxd4 Ba3 29. Ra1 Rxa1+ 30. Bxa1 Qd5 31. Kg2 b4 32. Nc5 b3 33. Ne4 Qc6 34. Nf6+ Kh8 35. Kh3 Ba6 36. Qe4 Bf1# 0-1